000 00336nam a2200133Ia 4500
008 150201s2001 xx 000 0 und d
082 _a671
_bWAG
100 _aWagoner, R. H
245 _aMetal forming analysis
260 _bCambridge University Press
_aNew Delhi
_c2001
300 _a376p.
700 _aChenot, J. L.
942 _2ddc
_cBK
999 _c5447
_d5447